Kočnica ili poluga reforme?

Štátny aparát v Juhoslávii - údaje o počte úradnikov v jednotlivých republikách. Hlavný nedostatok: riadiace orgány sú spolitizované, úlohou úradnika je hájiť jedinú ideológiu, nemá slúžiť občanovi, ale skôr ho obmedzovať, dirigovať. Bez reformy štátnej správy nie je možné reformovať hospodársku sús...

Descrizione completa

Salvato in:
Dettagli Bibliografici
Autore principale: Lakicevic, M.
Natura: Capitolo di libro
Lingua:serbo
Soggetti:
Tags: Aggiungi Tag
Nessun Tag, puoi essere il primo ad aggiungerne!!

MARC

LEADER 00000naa a2200000 4500
001 r002493
005 20220819194157.1
041 0 |a srp 
044 |a [YU] 
245 1 0 |a Kočnica ili poluga reforme?  |c M. Lakicevic 
520 |a Štátny aparát v Juhoslávii - údaje o počte úradnikov v jednotlivých republikách. Hlavný nedostatok: riadiace orgány sú spolitizované, úlohou úradnika je hájiť jedinú ideológiu, nemá slúžiť občanovi, ale skôr ho obmedzovať, dirigovať. Bez reformy štátnej správy nie je možné reformovať hospodársku sústavu. Postavenie armády a polície si zachováva boľševickú tradíciu. 
610 2 0 |a RSA 
610 2 0 |a pracovníci administratívni 
610 2 0 |a reformy hospodárske 
610 2 0 |a SFRJ 
610 2 0 |a armáda 
610 2 0 |a správa štátna 
100 1 |a Lakicevic, M.